CHARACTERISTICS OF THE TOPOGRAPHY OF THE UPPER LAYER OBTAINED AS THE RESULT OF OSCILLATORY BURNISHING

Podrobná bibliografia
Hlavný autor: Czarnecki, Henryk (Autor)
Médium: Článok
Jazyk:angličtina
ISBN:807099505X

MARC

LEADER 00000naa a2200000uu 4500
001 vtls010961870
003 SK-MaSNL
005 20260302121147.0
008 210907|2000 xo |||||||||||||||||eng|
015 |a SNBRA 
035 |a (urnnbn)urn:nbn:sk:snk:ar-a0bsgt 
035 |a (uuid)528cce42-2fc7-4664-802b-caca2f8e81c7 
035 |a urn:nbn:sk:snk-aauk42 
040 |a SNKBUCL  |b slo  |c SNKBUCL  |e AACR2 
041 0 |a eng 
044 |a xo  |c SK 
100 1 |a Czarnecki, Henryk  |4 aut  |9 798257 
245 1 0 |a CHARACTERISTICS OF THE TOPOGRAPHY OF THE UPPER LAYER OBTAINED AS THE RESULT OF OSCILLATORY BURNISHING  |c Henryk Czarnecki 
246 3 |a CHARAKTERISTIKY TOPOGRAFIE POVRCHOVEJ VRSTVY PRI OSCILAČNOM LEŠTENÍ 
773 0 |t Rozvoj technológie obrábania RTO 2000  |d Košice : Technická univerzita, 2000, 2000  |g S. 19-23  |z 807099505X 
958 |a OND 
958 |a article11 
958 |a chapter 
999 |c 1272803  |d 1274733